Webová aplikácia vyhodnocujúca štatistiky v športe

Saved in:
Bibliographic Details
Main Author: Vilhan, Jaroslav (Author)
Other Authors: Marček, Stanislav (Thesis advisor)
Format: Manuscript Book
Language:Slovak
Published: Bratislava : STU v Bratislave FEI, 2020
Subjects:
Online Access:https://opac.crzp.sk/?fn=detailBiblioForm&sid=201CE56335A527AB050291791929&seo=CRZP-detail-kniha
Tags: Add Tag
No Tags, Be the first to tag this record!

MARC

LEADER 00000ntm a22000003a 4500
001 stuzp71526
003 SK-STU
005 20200827122653.0
007 ta
008 150427s2015----xo-----f-mn---000-0-slo-d
040 |a STU  |b slo 
041 0 |a slo 
044 |a xo 
100 1 |a Vilhan, Jaroslav  |u 035000  |4 aut  |U FEI Fakulta elektrotechniky a informatiky  |T FEI Ústav informatiky a matematiky  |X 72667  |U E050  |Y 816  |7 72667 
242 0 1 |a Webapplication for sport statistics  |y eng 
245 1 0 |a Webová aplikácia vyhodnocujúca štatistiky v športe 
260 |c Bratislava :  |c STU v Bratislave FEI,  |c 2020 
300 |a 53 s. 
650 4 |a Yii  |2 slo 
650 4 |a framework  |2 slo 
650 4 |a statistika  |2 slo 
650 4 |a Yii  |2 eng 
650 4 |a framework  |2 eng 
650 4 |a statistics  |2 eng 
700 1 |a Marček, Stanislav  |u 035000  |k Z1  |4 ths  |U FEI Fakulta elektrotechniky a informatiky  |T FEI Ústav informatiky a matematiky  |X 27068  |U E050  |Y 816  |7 A000027068 
856 4 |u https://opac.crzp.sk/?fn=detailBiblioForm&sid=201CE56335A527AB050291791929&seo=CRZP-detail-kniha